00000000nam 2200000zi 4500
0019.921967
003CaOODSP
00520241204141129
006m     o  d f      
007cr bn|||||||||
008230426e198111##oncab   ob   f000 0 eng d
020 |a0662116615 |q(print)
040 |aCaOODSP|beng|erda|cCaOODSP
0410 |aeng|beng|bfre
043 |an-cn---
045 |ax7x7
0861 |aEn42-1/3-81-5E-PDF|zEn42-3/81-5E
1001 |aMah, K. H., |eauthor.
24510|aAir pollution emissions and control technology : |bferroalloy production and allied industries / |cby K.H. Mah.
264 1|a[Ottawa] : |bMineral and Metal Processes Division, Engineering Assessment Branch, Air Pollution Control Directorate, |cNovember 1981.
264 4|c©1981
300 |a1 online resource (vii, 49 pages) : |billustrations, map.
336 |atext|btxt|2rdacontent
337 |acomputer|bc|2rdamedia
338 |aonline resource|bcr|2rdacarrier
4901 |a[Environmental Protection Service report series]
500 |aIssued also in French under title: Les émissions de polluants atmosphériques et les techniques antipollution dans l'industrie des ferro-alliages et dans les industries connexes.
500 |aThe front cover verso is wanting in this PDF copy.
500 |a"EPS 3-AP-81-5."
500 |a"Economic and technical review, report EPS 3-AP-81-5"--Cover.
500 |aDigitized edition from print [produced by Environment and Climate Change Canada].
504 |aIncludes bibliographical references (pages 39-41).
546 |aIncludes abstracts in English and French.
650 0|aIron alloy industry|xWaste disposal|xEnvironmental aspects|zCanada.
650 0|aAir|xPollution|zCanada.
650 0|aPollution control equipment|zCanada.
7101 |aCanada. |bEnvironmental Protection Service, |eissuing body.
7101 |aCanada. |bAir Pollution Control Directorate. |bMineral and Metal Processes Division, |eissuing body.
77508|tLes émissions de polluants atmosphériques et les techniques antipollution dans l'industrie des ferro-alliages et dans les industries connexes / |w(CaOODSP)9.945884
830#0|aEnvironmental Protection Service report series.|w(CaOODSP)9.866031
85640|qPDF|s1.71 MB|uhttps://publications.gc.ca/collections/collection_2023/eccc/en42/En42-1-3-81-5-eng.pdf